书目信息 |
| 题名: |
大学普通化学
|
|
| 作者: | 凯南 , Keenan 著 ;天津大学普通化学教研室 译 | |
| 分册: | 上册 | |
| 出版信息: | 北京 人民教育出版社 1980 |
|
| 页数: | 203页 | |
| 开本: | 25cm | |
| 丛书名: | ||
| 单 册: | ||
| 中图分类: | O6 | |
| 科图分类: | ||
| 主题词: | 普通化学--高等学校--教学参考资料 | |
| 电子资源: | ||
| ISBN: | ||
| 000 | 00779nam0 2200253 45 | |
| 001 | 0180005370 | |
| 005 | 20060814172452.92 | |
| 010 | @dCNY1.05 | |
| 091 | @a13012.0515 | |
| 100 | @a19950530d1980 em y0chiy0121 ea | |
| 101 | 1 | @achi@ceng |
| 102 | @aCN@b110000 | |
| 105 | @ay z 000yy | |
| 200 | 10 | @a大学普通化学@h上册@Ada xue pu tong hua xue@f(美)凯南(C.W.Keenan)著@g天津大学普通化学教研室译 |
| 210 | @a北京@c人民教育出版社@d1980 | |
| 215 | @a203页@d25cm | |
| 606 | @a普通化学@x高等学校@x教学参考资料 | |
| 690 | @aO6@v3 | |
| 701 | 1 | @a凯南@Akai nan@bC.W.@4著 |
| 701 | A1 | @aKeenan@bC.W.@4著 |
| 712 | 02 | @a天津大学普通化学教研室@Atian jin da xue pu tong hua xue jiao yan shi@4译 |
| 801 | 2 | @aCN@bNLC@c20060814 |
| 801 | 0 | @aCN@b上海图书馆@c20060811 |
| 905 | @dO6@e106:1 | |
| 大学普通化学.上册/(美)凯南(C.W.Keenan)著/天津大学普通化学教研室译.-北京:人民教育出版社,1980 |
| 203页;25cm |
| ISBN :CNY1.05 |
| ● |
| 相关链接 |
|
|
|
|
正题名:大学普通化学
索取号:O6/106:1
 
预约/预借
| 序号 | 登录号 | 条形码 | 馆藏地/架位号 | 状态 | 备注 |
| 1 | 0073937 | 202329319 | 密集书库/ [索取号:O6/106:1] | 在馆 | |
| 2 | 0073938 | 000338192 | 第三借阅区/ [索取号:O6/106:1] | 在馆 | |
| 3 | 0073939 | 000338209 | 第三借阅区/ [索取号:O6/106:1] | 在馆 | |
| 4 | 0073940 | 001943357 | 第三借阅区/ [索取号:O6/106:1] | 在馆 | |
| 5 | 0073941 | 000338138 | 第二样本阅览室/ [索取号:O6/106:1] | 在馆 | |
| 6 | 0454176 | 204541763 | 密集书库/ [索取号:O6/106:1] | 在馆 | |
| 7 | 0454177 | 204541772 | 密集书库/ [索取号:O6/106:1] | 在馆 | |
| 8 | 0454283 | 204542833 | 密集书库/ [索取号:O6/106:1] | 在馆 | |
| 9 | 0454284 | 204542842 | 密集书库/ [索取号:O6/106:1] | 在馆 | |
| 10 | 0454285 | 204542851 | 密集书库/ [索取号:O6/106:1] | 在馆 | |
| 11 | 0454286 | 204542860 | 密集书库/ [索取号:O6/106:1] | 在馆 | |
| 12 | 0461332 | 204613329 | 密集书库/ [索取号:O6/106:1] | 在馆 | |
| 13 | 0461333 | 204613338 | 密集书库/ [索取号:O6/106:1] | 在馆 | |
| 14 | 0461334 | 204613347 | 密集书库/ [索取号:O6/106:1] | 在馆 | |
| 15 | 0461335 | 204613356 | 密集书库/ [索取号:O6/106:1] | 在馆 |